000
00169 a2200085 4500
041
_a
spa
100
_a
Anonimo
245
_a
Constitucion politica de Nicaragua
942
_c
BK
999
_c
10219
_d
10219